[Event "Arab-ch U16"]
[Site "Baghdad"]
[Date "2022.03.15"]
[Round "7"]
[White "Mohammed Al Sadik, Firas Qassim"]
[Black "Ismail, Khalel Tariq"]
[Result "1-0"]
[WhiteElo "1886"]
[BlackElo "1344"]
[PlyCount "77"]
[EventDate "2022.03.10"]
[EventType "swiss"]
[EventRounds "9"]
[EventCountry "IRQ"]
[SourceTitle "EXT 2023"]
[Source "ChessBase"]
[SourceDate "2022.10.05"]
[SourceVersion "1"]
[SourceVersionDate "2022.10.05"]
[SourceQuality "1"]

1. e4 c5 2. Nf3 e6 3. c3 d5 4. exd5 exd5 5. d4 Nc6 6. Bb5 Bd6 7. dxc5 Bxc5 8. 0-0 Nge7 9. Nbd2 Bg4 10. Nb3 Bd6 11. Nbd4 0-0 12. Qd3 Rc8 13. Ba4 Ng6 14. h3 Nxd4 15. Nxd4 Ne5 16. Qe3 Bd7 17. Bxd7 Qxd7 18. Qg5 Rfe8 19. Nf5 f6 20. Qh5 g6 21. Nh6+ Kg7 22. Qh4 Nd3 23. Ng4 Qf5 24. Bh6+ Kf7 25. Be3 Kg7 26. Rad1 Re6 27. Rd2 h5 28. Rfd1 Rce8 29. Rxd3 hxg4 30. Rxd5 Be5 31. hxg4 Qc2 32. Qh6+ Kg8 33. R5d3 g5 34. Qg6+ Kf8 35. Bc5+ Bd6 36. Bxd6+ Rxd6 37. Qh6+ Ke7 38. Rxd6 Rf8 39. Rd7+ 1-0

[Event "Arab-ch U16"]
[Site "Baghdad"]
[Date "2022.03.13"]
[Round "5"]
[White "Kassar, Bashar"]
[Black "Ismail, Khalel Tariq"]
[Result "1/2-1/2"]
[WhiteElo "1379"]
[BlackElo "1344"]
[PlyCount "120"]
[EventDate "2022.03.10"]
[EventType "swiss"]
[EventRounds "9"]
[EventCountry "IRQ"]
[SourceTitle "EXT 2023"]
[Source "ChessBase"]
[SourceDate "2022.10.05"]
[SourceVersion "1"]
[SourceVersionDate "2022.10.05"]
[SourceQuality "1"]

1. e4 c5 2. Nf3 e6 3. d3 d5 4. Nbd2 Nc6 5. g3 Nf6 6. Bg2 Bd6 7. 0-0 0-0 8. Re1 dxe4 9. dxe4 e5 10. Nc4 Bc7 11. Bg5 h6 12. Qxd8 Rxd8 13. Bxf6 gxf6 14. c3 Be6 15. Ne3 Rd7 16. Rad1 Rad8 17. b3 Ba5 18. Rxd7 Rxd7 19. Rd1 Rxd1+ 20. Nxd1 c4 21. b4 Nxb4 22. cxb4 Bxb4 23. Ne3 c3 24. Nc2 a5 25. a3 Bc5 26. Bf1 Bb3 27. Nfe1 Ba4 28. Be2 b5 29. Bd1 Bxa3 30. Kf1 b4 31. Ke2 Bb5+ 32. Nd3 Bb2 33. Ne3 a4 34. Bxa4 Bxa4 35. Nxb4 Bb5+ 36. Kd1 Ba3 37. Nbd5 Ba4+ 38. Nc2 Bc5 39. Nxf6+ Kg7 40. Nd5 Bxf2 41. Nxc3 Bxc2+ 42. Kxc2 Bg1 43. h3 Bh2 44. Ne2 Kg6 45. Kd3 Kg5 46. Ke3 f5 47. Kf3 f4 48. h4+ Kh5 49. gxf4 Kxh4 50. f5 Kg5 51. Ng3 h5 52. Kg2 Bxg3 53. Kxg3 h4+ 54. Kh3 Kh5 55. f6 Kg6 56. f7 Kxf7 57. Kxh4 Kg7 58. Kg5 Kf7 59. Kf5 Ke8 60. Ke6 Kf8 1/2-1/2

[Event "Arab-ch U16"]
[Site "Baghdad"]
[Date "2022.03.12"]
[Round "4"]
[White "Ismail, Khalel Tariq"]
[Black "Jerraya, Youssef"]
[Result "1-0"]
[WhiteElo "1344"]
[BlackElo "1384"]
[PlyCount "67"]
[EventDate "2022.03.10"]
[EventType "swiss"]
[EventRounds "9"]
[EventCountry "IRQ"]
[SourceTitle "EXT 2023"]
[Source "ChessBase"]
[SourceDate "2022.10.05"]
[SourceVersion "1"]
[SourceVersionDate "2022.10.05"]
[SourceQuality "1"]

1. e4 c5 2. Nf3 d6 3. d4 cxd4 4. Nxd4 Nf6 5. Nc3 e6 6. Bd3 Be7 7. 0-0 a6 8. a4 b6 9. f4 Qc7 10. Kh1 Bb7 11. Qe2 Nbd7 12. Nb3 0-0 13. Bd2 Rac8 14. Rae1 Nc5 15. Nxc5 dxc5 16. b3 Rfd8 17. e5 Nd7 18. Ne4 Nf8 19. f5 exf5 20. Rxf5 Ne6 21. Rh5 g6 22. Rh6 Nd4 23. Qf2 Nf5 24. Nf6+ Bxf6 25. exf6 Rxd3 26. cxd3 Nxh6 27. Bxh6 Qc6 28. Re2 Rd8 29. Qe3 Qd7 30. Bg7 Bc6 31. Qh6 Qxd3 32. Re1 Qxb3 33. Bf8 Bxg2+ 34. Kg1 1-0